238 sự cố khi sử dụng máy in

保存先:
書誌詳細
第一著者: Anh Dương
フォーマット: 図書
言語:Undetermined
出版事項: H. Thống Kê 2003
主題:
タグ: タグ追加
タグなし, このレコードへの初めてのタグを付けませんか!
Thư viện lưu trữ: Trung tâm Học liệu Trường Đại học Cần Thơ
LEADER 00497nam a2200181Ia 4500
001 CTU_53628
008 210402s9999 xx 000 0 und d
020 |b 17000 
082 |a 004.77 
082 |b A107 
100 |a Anh Dương 
245 0 |a 238 sự cố khi sử dụng máy in 
245 0 |c Anh Dương 
260 |a H. 
260 |b Thống Kê 
260 |c 2003 
650 |a printers ( data processsing sysstems ) 
980 |a Trung tâm Học liệu Trường Đại học Cần Thơ